000 00702nam a2200193 a 4500
008 060316s1990 ||||||||||||||||| || u
020 _a0582045649
020 _a0470216824
050 _aTA 710 Whi
100 _aWhitlow, R. (Roy), 1932-
245 1 0 _aBasic soil mechanics. (2nd ed.)
250 _a2nd ed.
260 _aHarlow, Essex, England : ;New York :
_bLongman Scientific & Technical Wiley
_c1990.
300 _axvi, 528 p. : ill.
350 _a0.00
500 _aIncludes bibliographical references
650 _aSOIL MECHANICS
995 _D0.00
_FCBU-MAIN LIBRARY (Kitwe)
_H1
_I0.00
_UDAMAGED
_WMay 17, 2006
_ZMain Library Open Access Collection
999 _c35614
_d35614